000 00458cam a2200157 4500
001 ABS60897
008 000000n1999 000 0 eng u
035 _a(Sirsi) u101422
245 _aCost model.
260 _c1999
490 _aBuilding Services Journal
_vAugust 1999, 21-22(2)
520 _aCost model of a structured cabling installation in a financial institution.
650 _aCABLING
690 _aBUILT ENVIRONMENT-BUILDING COSTS
942 _n0
999 _c60564
_d60564